000
00217 a2200085 4500
020
_a
978-8179933244
100
_a
Joy Sen
245
_a
Sustainable Urban Planning
260
_b
The Energy and Resources Institute, TERI
_c
2013
999
_c
13162
_d
13162